Recipes from the Nyonya kitchen.
| Main Author: | |
|---|---|
| Format: | Book |
| Published: |
Singapore:
Marshall Cavendish Cuisine,
2009.
|
| Edition: | New Ed.. |
| Subjects: |
| LEADER | 00445cam a2200157 7i4500 | ||
|---|---|---|---|
| 001 | 0000031445 | ||
| 005 | 20190926090000.0 | ||
| 020 | # | # | |a 9789812617927 |
| 090 | 0 | 0 | |a B 641.59595 |b TAN (LRM) |
| 100 | 1 | # | |a Tan, Florence |
| 245 | 1 | 0 | |a Recipes from the Nyonya kitchen. |
| 250 | 0 | 0 | |a New Ed.. |
| 260 | 0 | 0 | |a Singapore: |b Marshall Cavendish Cuisine, |c 2009. |
| 300 | # | # | |a 84 p. |
| 650 | 0 | 0 | |a Cooking, Peranakan |
| 999 | |a b000034758 |b Book |c Book |e Business Information Centre | ||


